| 000 | 01393nam a2200385 c 4500 | ||
|---|---|---|---|
| 001 | 59732 | ||
| 003 | CO-BoRNBP | ||
| 005 | 20251030163205.0 | ||
| 007 | ta | ||
| 008 | 160801s2009 sp ao gs 000 0 spa d | ||
| 020 | _a9788408053040 | ||
| 040 |
_aCO-BoRNBP _bspa _erda _cCO-BoRNBP |
||
| 041 | 0 | _aspa | |
| 082 | 0 | 4 |
_a523.1 _bS13c |
| 100 |
_aSagan, Carl Edward, _eaut |
||
| 245 | 1 | 0 |
_aCosmos / _cCarl Sagan ; traducido por Miquel Muntaner y Ma. del Mar Moya Tasis. |
| 250 | _aPrimera edición | ||
| 264 | 1 |
_aBarcelona, España : _bPlaneta, _c2009 |
|
| 300 |
_a364 páginas : _bilustraciones, fotografías a color |
||
| 336 |
_atexto _btxt _2rdacontent |
||
| 337 |
_asin mediación _bn _2rdamedia |
||
| 338 |
_avolumen _bnc _2rdacarrier |
||
| 500 | _aIncluye índices onomástico y analítico | ||
| 504 | _aIncluye referencias bibliográficas | ||
| 505 | 1 | _aEn la orilla del océano cósmico -- Una voz en la fuga cósmica -- Blues para un planeta rojo -- La persistencia de la memoria -- ¿Quién habla en nombre de la tierra? | |
| 650 | 0 | 7 |
_aCiencias del espacio _2LEMB _966442 |
| 650 | 0 | 7 |
_aCosmología _2lemb _965341 |
| 650 | 0 | 7 |
_aGalaxias _2LEMB _927144 |
| 650 | 0 | 7 |
_aPlanetas _2lemb _94607 |
| 650 | 0 | 7 |
_aSistema solar _2lemb _93745 |
| 650 | 0 | 7 |
_aAstronomia _2LEMB |
| 700 |
_aMoya Tasis, María del Mar, _etrl _966469 |
||
| 700 |
_aMuntaner, Miquel, _etrl _966470 |
||
| 942 |
_2ddc _cBK |
||
| 999 |
_c59732 _d59732 |
||